01320nam a2200349Ia 4500001001200000003000800012006001900020007001500039008004100054010001700095020001500112020002800127020003500155040002100190035002100211050002600232082001400258100002300272245015400295260004400449300001700493504005100510533015200561650001800713650001200731650000900743650002900752655002900781710001700810856012600827999001700953ebr10150421CaPaEBRm u cr cn|||||||||050317s2006 nyu sb 001 0 eng d z 2005045945 z1403983356 z1403970440 (alk. paper) z1403970459 (pbk. : alk. paper) aCaPaEBRcCaPaEBR a(OCoLC)56796271114aPN1949.S7bE33 2006eb04a305.32221 aEgan, R. Danielle.10aDancing for dollars and paying for loveh[electronic resource] :bthe relationships between exotic dancers and their regulars /cby R. Danielle Egan. aNew York :bPalgrave Macmillan,cc2006. axvii, 174 p. aIncludes bibliographical references and index. aElectronic reproduction.bPalo Alto, Calif. :cebrary,d2009.nAvailable via World Wide Web.nAccess may be limited to ebrary affiliated libraries. 0aStripteasers. 0aDesire. 0aSex. 0aMan-woman relationships. 7aElectronic books.2local2 aebrary, Inc.40uhttp://site.ebrary.com/lib/rucke/Doc?id=10150421zAn electronic book accessible through the World Wide Web; click to view c94603d94603